000 00371 a2200157 4500
001 71902
020 _a8573117133
040 _cAnchieta - Colégio São Paulo
100 _aFinger, Marcelo
240 1 0 _aO rapto das flores cantantes
_lpor
245 1 0 _aO rapto das flores cantantes
300 _a[22]
362 0 _a1997
650 4 _aLiteratura infantil
942 _cBK
999 _c71902
_d71902